000 00208nam a2200097Ia 4500
008 240331s9999 xx 000 0 und d
082 _bPON
100 _aPonnudurai, A.T
245 0 _aKolankal ainthu
942 _cL
999 _c3682
_d3682